<?xml version="1.0" encoding="UTF-8"?><?xml-stylesheet type="text/xsl" href="static/style.xsl"?><OAI-PMH xmlns="http://www.openarchives.org/OAI/2.0/" xmlns:xsi="http://www.w3.org/2001/XMLSchema-instance" xsi:schemaLocation="http://www.openarchives.org/OAI/2.0/ http://www.openarchives.org/OAI/2.0/OAI-PMH.xsd"><responseDate>2026-04-13T14:56:31Z</responseDate><request verb="GetRecord" identifier="oai:www.recercat.cat:2072/47985" metadataPrefix="marc">https://recercat.cat/oai/request</request><GetRecord><record><header><identifier>oai:recercat.cat:2072/47985</identifier><datestamp>2026-01-15T11:51:46Z</datestamp><setSpec>com_2072_1758</setSpec><setSpec>com_2072_5211</setSpec><setSpec>col_2072_1759</setSpec></header><metadata><record xmlns="http://www.loc.gov/MARC21/slim" xmlns:dcterms="http://purl.org/dc/terms/" xmlns:xsi="http://www.w3.org/2001/XMLSchema-instance" xmlns:doc="http://www.lyncode.com/xoai" xsi:schemaLocation="http://www.loc.gov/MARC21/slim http://www.loc.gov/standards/marcxml/schema/MARC21slim.xsd">
   <leader>00925njm 22002777a 4500</leader>
   <datafield ind2=" " ind1=" " tag="042">
      <subfield code="a">dc</subfield>
   </datafield>
   <datafield ind2=" " ind1=" " tag="720">
      <subfield code="a">Álvarez Fernández, Rubén</subfield>
      <subfield code="e">author</subfield>
   </datafield>
   <datafield ind2=" " ind1=" " tag="720">
      <subfield code="a">Gili Horna, Laura</subfield>
      <subfield code="e">author</subfield>
   </datafield>
   <datafield ind2=" " ind1=" " tag="720">
      <subfield code="a">Miravete Solaz, Núria</subfield>
      <subfield code="e">author</subfield>
   </datafield>
   <datafield ind2=" " ind1=" " tag="720">
      <subfield code="a">Moro Fernández, Laura</subfield>
      <subfield code="e">author</subfield>
   </datafield>
   <datafield ind2=" " ind1=" " tag="720">
      <subfield code="a">Ródenas Rubio, María José</subfield>
      <subfield code="e">author</subfield>
   </datafield>
   <datafield ind2=" " ind1=" " tag="260">
      <subfield code="c">2010-04-07T15:05:24Z</subfield>
   </datafield>
   <datafield ind2=" " ind1=" " tag="520">
      <subfield code="a">Treball de recerca realitzat per alumnes d'ensenyament secundari i guardonat amb un Premi CIRIT per fomentar l'esperit científic del Jovent l'any 2009. Aquest treball és una creació d’un projecte empresarial, és a dir, una planificació estratègica que té per objectiu analitzar la viabilitat, examinar els objectius i descobrir els inconvenients del mateix. Aquest projecte final està enfocat al turisme i consisteix en crear una agència de viatges. S’ha decidit crear una agència de viatges de baix cost destinada principalment als joves, ja que aquest sector de població busca una manera de viatjar econòmica que combini diversió i cultura. El treball es basa en la recerca i aplicació de la informació sobre la idea inicial. En primer lloc, per tal de realitzar-lo s’ha fet un projecte d’empresa, un estudi de mercat i de l’entorn amb les seves corresponents enquestes i un pla de marketing. En segon lloc, s’ha realitzat una definició del mercat i la comunicació, una determinació dels preus i organització de les vendes així com una identificació i organització de l’empresa i els seus productes. Per últim, s’ha fet un estudi econòmic i financer del projecte i, les conclusions extretes d’aquest, diuen que el nostre projecte serà viable i tindrà un èxit tècnic.</subfield>
   </datafield>
   <datafield ind2=" " ind1=" " tag="520">
      <subfield code="a">Research project carried out by a pupil of secondary education and rewarded with a Prize CIRIT to foster the scientific spirit of the Youth in year 2009. This work is a creation of a entrepreneurial project, a strategic planning that it has as a purpose to analyze the feasibility, to examine the objectives and to discover the inconveniences. This project is focused to the tourism and consists on creating a travel agency. It has been decided to create a travel agency of low cost, destined especially to the youngsters since this sector of population searches a way to travel economical that combines entertainment and culture. The work bases itself on the research and application of the information about the initial idea. In first place, in order to carry it out a project of company has been made, a study of market and of the environment with its ir corresponding surveys and a plan of marketing. In second place, a definition of the market and the communication, a determination of the prices and organization of the sales as well as an identification and organization of the company and its products have been carried out. Finally, an economical and financial study of the project has been made and, the extracted conclusions of this, say that our project will be viable and it have a technical success.</subfield>
   </datafield>
   <datafield ind1="8" ind2=" " tag="024">
      <subfield code="a">http://hdl.handle.net/2072/47985</subfield>
   </datafield>
   <datafield ind2="0" ind1="0" tag="245">
      <subfield code="a">Yakimbo</subfield>
   </datafield>
</record></metadata></record></GetRecord></OAI-PMH>